| 000 | 00822cam a22002774a 4500 | ||
|---|---|---|---|
| 999 |
_c11210 _d11210 |
||
| 001 | YPZ9535 | ||
| 003 | AR-RgUNPA | ||
| 005 | 20260218082317.0 | ||
| 008 | 060802s1972 ag grb||| 001 ||spa|d | ||
| 040 |
_cSIUNPA _aSIUNPA _bspa _eAACR2 |
||
| 041 | _aspa | ||
| 044 | _aag | ||
| 080 | _a572.9(82) A265d | ||
| 100 |
_aAgüero Vera, Juan Zacarías, _4, autor _d1888-1943 |
||
| 245 |
_aDivinidades diaguitas _b/ J. Z. Agüero Vera |
||
| 250 | _a1a. ed. | ||
| 260 |
_aSan Miguel de Tucumán _b: Universidad Nacional de Tucumán. Facultad de Filosofía y Letras _c, 1972 |
||
| 300 | _a226 p. | ||
| 490 |
_a(Cuadernos de humanitas _v; no. 41) |
||
| 650 | _aDIAGUITAS | ||
| 650 | _aINDIGENA | ||
| 650 | _aHISTORIA ARGENTINA | ||
| 650 | _aRELIGION | ||
| 651 | 0 |
_928 _aREGION PATAGONICA (ARGENTINA) |
|
| 942 |
_cBK _2udc |
||